000 00482nam a2200181Ia 4500
008 240925s9999 xx 000 0 und d
020 _a9789339221867
082 _a332.10954 KHA
100 _aKhan, M. Y.
245 0 _aFinancial Services
250 _a8th
260 _aNew Delhi:
_bMcGraw Hill Education (India) Private Limited
_c,2015.
300 _a504p.
_b0
_fOriginal
500 _aIncludes Index
600 _aSocial Sciences
650 _aSocial Sciences
942 _cBK
999 _c15419
_d15419